00788nam a2200205Ia 4500008004100000020001500041082001500056100002200071245006100093250000800154260003200162300000800194500002400202650001200226942000700238952010600245952010700351952010700458999001700565230524s9999 xx 000 0 und d a8187433299 a5.133bCHA aBhupendra Chhabra 0a"The Intel 8086/8088 Micro Processor (Architecture, ?.)" a1ST aNEW DELHIbDhanpatraic1999 a479 aQuantity Number: 3 aComp-Sc cBK 00104070aTATCLbTATCLcGENd2023-05-24l0o005.133 CHAp4173r2023-05-24w2023-05-24yBKzPCEC4201 00104070aTATCLbTATCLcGENd2023-05-24l0o005.133 CHAp16973r2023-05-24w2023-05-24yBKzPCEC4201 00104070aTATCLbTATCLcGENd2023-05-24l0o005.133 CHAp16974r2023-05-24w2023-05-24yBKzPCEC4201 c25622d25622